00577nam a2200109Ia 4500008004100000100002200041245025000063260003300313300001700346650001900363856008500382160712s9999 xx 000 0 und d aGuillermo, Ramon. cRamon GuillermoaTungo sa Hardin ng Tao: “Si Bonifacio ang pinakauna, hindi lamang sa Pilipinas, kundi sa buong Indonesia, oo, sa buong Asia na nanggaling sa, at edukado bilang, proletaryado, na nag-organisa ng mga proletaryo.” ni Tan Malaka c2013bSocial Science Diliman avol. 9 no. 1 xSOCIAL SCIENCE uhttp://journals.upd.edu.ph/index.php/socialsciencediliman/issue/view/388/showToc